00312pab a2200121 454500008004000000100002200040245004800062260000900110300001300119362000800132650001600140773003400156180718b2004 xxu||||| |||| 00| 0 eng d aVijayalakshmi, B. aBuilding social work knowledge: some issues c2004 ap.73-86. aJan aSocial work aIndian Journal of Social Work